Writing and victorianism/ (Record no. 51444)

000 -LEADER
fixed length control field 00363nam a22001571a 4500
020 ## - INTERNATIONAL STANDARD BOOK NUMBER
ISBN 9780582289161
082 ## - DEWEY DECIMAL CLASSIFICATION NUMBER
Classification number E3 BUL/WRI
Item number N97
100 ## - MAIN ENTRY--AUTHOR NAME
Personal name Bullen J B
245 ## - TITLE STATEMENT
Title Writing and victorianism/
Statement of responsibility, etc by Bullen J B
260 ## - PUBLICATION, DISTRIBUTION, ETC. (IMPRINT)
Year of publication 1997
Place of publication
Name of publisher
300 ## - PHYSICAL DESCRIPTION
Number of Pages 346p.
650 ## - SUBJECT ADDED ENTRY--TOPICAL TERM
Topical Term Novel English
650 ## - SUBJECT ADDED ENTRY--TOPICAL TERM
Topical Term Literature English
650 ## - SUBJECT ADDED ENTRY--TOPICAL TERM
Topical Term Literature
942 ## - ADDED ENTRY ELEMENTS (KOHA)
Koha item type Book
Holdings
Withdrawn status Lost status Damaged status Not for loan Permanent Location Current Location Date acquired Cost, normal purchase price Full call number Accession Number Cost, replacement price Price effective from Koha item type
Write off     1 Sree Sankaracharya University of Sanskrit Sree Sankaracharya University of Sanskrit 08.01.2015 1484.42 E3 BUL WRI N97 035114 0.00 08.01.2015 Book